000 00537nam a22002057a 4500
005 20211118143856.0
008 211118b ||||| |||| 00| 0 eng d
020 _a8181580028
040 _cAl
041 _aEng
082 _223
_a358.4
_bDOUC
100 _aGiulio Douhet
_910626
245 _aCommand of the air
260 _aDehradun
_bNatraj Publishers
_c2003
300 _a325p.
_bHB
_c22.5x14.5cm.
365 _b₹450.00
_c
_d₹450.00
650 _aAir power
_910627
700 _aDOUHET (Giulio)
_910628
942 _2ddc
_cGF
999 _c220683
_d220683